000 01596nab a2200241 i 4500
001 768714001
003 CO-MdFUSB
005 20240515112634.0
008 240515t1971 sp ||||| |||| 00| 0 spa d
040 _bspa
_cCO-MdFUSB
_dCO-MdFUSB
041 _aspa
100 _aKennedy, Eugene C.,
_eautor
245 _aValor del rito religioso para el equilibrio psicológico
_c/ Eugene C. Kennedy‎ ; traducido por Jesús Valiente Malla
520 _aEl rito religioso tiene una larga historia; por otra parte, siempre ha estado en estrecha relación con el ser humano. Matizado según los diferentes períodos culturales por que ha ido pasando, ha revestido la máscara de innumerables dioses. En el caso del cristianismo, las prescripciones religiosas tienen la finalidad de expresar toda la amplia zona de la humana experiencia tocada e iluminada por el Espíritu. Las fórmulas religiosas han prestado al hombre un magnífico servicio, encerrando en una frase o en un movimiento lo que de otra manera le sería casi imposible expresar, vertiendo en palabra y símbolo todo aquello que reconoce como su propio anhelar la vida del Espíritu.
650 7 _aLiturgia
_9206
650 7 _aCristianismo y cultura
_96959
650 7 _aRitos y ceremonias
_9207
653 _aCulto y el cristiano de hoy
700 _aValiente Malla, Jesús,
_etraductor
773 0 _049450
_982629
_oR2552
_tRevista internacional de teología Concilium
_w(CO-MdFUSB)8
_x0210-1041
_gNúmero 62, (febrero, 1971), páginas: 212 218
_qpágina: 212
942 _cANA
945 _aCatherine Arias Alvarez - Practicante SENA
999 _c69712
_d69712